|
|
|
|
| LEADER |
02065nam a2200469 a 4500 |
| 001 |
nkc20102128149 |
| 003 |
CZ PrNK |
| 005 |
20210607135551.0 |
| 007 |
ta |
| 008 |
100924s2010 xr a f 001 0 cze |
| 015 |
|
|
|a cnb002128149
|
| 020 |
|
|
|a 978-80-247-3434-7
|q (brož.)
|
| 035 |
|
|
|a (OCoLC)693930731
|
| 040 |
|
|
|a OLA001
|b cze
|d ABA001
|
| 041 |
0 |
|
|a cze
|b eng
|
| 072 |
|
7 |
|a 159.92
|x Vývojová psychologie. Individuální psychologie
|2 Konspekt
|9 17
|
| 080 |
|
|
|a 159.923
|2 MRF
|
| 080 |
|
|
|a (048.8:082)
|2 MRF
|
| 100 |
1 |
|
|a Blatný, Marek,
|d 1965-
|7 jn20001005495
|4 aut
|
| 245 |
1 |
0 |
|a Psychologie osobnosti :
|b hlavní témata, současné přístupy /
|c Marek Blatný a kolektiv
|
| 250 |
|
|
|a Vyd. 1.
|
| 260 |
|
|
|a Praha :
|b Grada,
|c 2010
|
| 300 |
|
|
|a 301 s. :
|b il. ;
|c 24 cm
|
| 490 |
1 |
|
|a Psyché
|
| 500 |
|
|
|a Dotisk v roce 2012, 2015, 3. dotisk v roce 2018, 5. dotisk v roce 2020
|
| 504 |
|
|
|a Obsahuje bibliografii, bibliografické odkazy a rejstříky
|
| 546 |
|
|
|a Anglické resumé
|
| 650 |
0 |
7 |
|a psychologie osobnosti
|7 ph115951
|2 czenas
|
| 650 |
0 |
9 |
|a psychology of personality
|2 eczenas
|
| 655 |
|
7 |
|a kolektivní monografie
|7 fd501537
|2 czenas
|
| 655 |
|
9 |
|a collective monographs
|2 eczenas
|
| 830 |
|
0 |
|a Psyché (Grada)
|0 s
|
| 856 |
4 |
1 |
|u https://www.digitalniknihovna.cz/mzk/uuid/uuid:ed18a230-c9ce-11e7-bfaa-005056827e52
|y Digitalizovaný dokument
|x NDK
|
| 910 |
2 |
|
|a BOA001
|b 2-1252.028
|
| 990 |
|
|
|a BK
|
| 995 |
|
|
|a 01
|
| 991 |
|
|
|b 201011
|c NOV
|j 159.92 BLA
|e n
|
| 996 |
6 |
|
|b 2610451891
|c 2-1252.028
|l MZK
|r Sklad / do 1 hodiny
|n 69
|p p.v.
|w 001154180
|u 000010
|a 1
|e BOA001
|j MZK50
|s P
|
| 996 |
7 |
|
|b 2610453479
|c 2-1252.028
|l Vol.výběr
|r VV 0p
|n 88
|p kup
|h 159.92 BLA
|w 001154180
|u 000020
|a 0
|e BOA001
|j MZK50
|s A
|
| 996 |
7 |
|
|b 2610530496
|c 2-1252.028
|l Vol.výběr
|r VV 0p
|n 72
|p kup
|h 159.92 BLA
|w 001154180
|u 000030
|a 0
|e BOA001
|j MZK50
|s A
|
| 996 |
7 |
|
|b 2610530497
|c 2-1252.028
|l Vol.výběr
|r VV 0p
|n 69
|p kup
|h 159.92 BLA
|w 001154180
|u 000040
|a 0
|e BOA001
|j MZK50
|s A
|
| 996 |
7 |
|
|b 2610530766
|c 2-1252.028
|l Vol.výběr
|r VV 0p
|n 73
|p kup
|h 159.92 BLA
|w 001154180
|u 000050
|a 0
|e BOA001
|j MZK50
|s A
|